LEADER 00657nam a2200181 i 4500 001 000000056973 003 CaOOAMICUS 005 19970918000000.0 008 970918n it u000 u ita u 013 $a28145 040 $aSeMil$bita 100 1 $aCsonka, Ladislao.$0(OLS)http://semarc/name/28898 245 13$aLa caratterologia di Ludwig Klages. 650 4$aKlages, Ludwig.$0(OLS)http://semarc/subject/11499 650 4$aTesi di laurea.$0(OLS)http://semarc/subject/1690 850 $aSeMil 852 $aSeMil$W1$xVenegono$y1$m2I V 74$j23127$B23127$CSeMilBibl$Z2$F23129 $81 996 $6245$aLa caratterologia di Ludwig Klages$9(OLS)http://semarc/title/88610 LEADER 01254nam a2200253 i 4500 001 000000216869 003 CaOOAMICUS 005 20121113000000.0 008 121113s2012 it u000 u ita u 013 $a195765 020 $a978-88-7367-160-2 040 $aSeMil$bita 100 1 $aBugnini, Annibale,$c.$0(OLS)http://semarc/name/6859 245 10$a«Liturgiae cultor et amator, servě la Chiesa» :$bmemorie autobiografiche /$cAnnibale Bugnini ; presentazione di Gottardo Pasqualetti. 260 $aRoma :$bEdizioni Liturgiche,$c2012. 300 $a231 p. :$b[20] p. di tav., ill., facs. ;$c21 cm. 650 4$aBugnini, Annibale - Autobiografia.$0(OLS)http://semarc/subject/40289 700 1 $aPasqualetti, Gottardo .$0(OLS)http://semarc/name/76672 850 $aSeMil 852 $aSeMil$W1$xVenegono$y1$m3K I 340$j167285$B167285$CSeMilBibl$Z2$F179231 $81 961 $aOmaggio per recensione: Scuola Cattolica 996 $6020$a978-88-7367-160-2$9(OLS)http://semarc/number/214026 996 $6245$a«Liturgiae cultor et amator, servě la Chiesa» :$bmemorie autobiografiche$9(OLS)http://semarc/title/311731 996 $6260$aRoma :$bEdizioni Liturgiche$9(OLS)http://semarc/publisher/33221